[Event "SVM_Regionalliga_2023-24"]
[Site "?"]
[Date "2024.03.03"]
[Round "8.2"]
[White "Lunnebach, Oliver"]
[Black "Mörschbach, Udo"]
[Result "1/2-1/2"]
[WhiteElo "2149"]
[BlackElo "2066"]
[PlyCount "80"]
[EventDate "2024.03.03"]
[SourceDate "2024.03.03"]
[WhiteTeam "SG Kalker/Deutzer 1"]
[BlackTeam "Klub Kölner SF 3"]

1. Nf3 e6 2. d4 b5 3. e4 a6 4. Bd3 Bb7 5. O-O Nf6 6. Re1 c5 7. c3 Be7 8. Bg5 h6
9. Bxf6 gxf6 10. Nbd2 Nc6 11. a4 cxd4 12. cxd4 Nb4 13. Bb1 Qb6 14. axb5 axb5
15. Rxa8+ Bxa8 16. Nf1 h5 17. Ne3 Nc6 18. Qd3 Bb7 19. Rd1 b4 20. Nc4 Qa6 21. d5
Nb8 22. h3 Rg8 23. Qd4 e5 24. Qd3 Bc5 25. Qf1 d6 26. Bd3 Bc8 27. Kh2 Qb7 28.
Nh4 Ke7 29. Ra1 Rg5 30. g3 Qc7 31. Na5 Bb6 32. Rc1 Bc5 33. Nb3 Qb6 34. Kg2 Na6
35. Ra1 Nc7 36. Na5 Bxf2 37. Qxf2 Bxh3+ 38. Kf3 Bg4+ 39. Kg2 Bh3+ 40. Kf3 Bg4+
1/2-1/2

[Event "SVM_Regionalliga_2023-24"]
[Site "?"]
[Date "2024.03.03"]
[Round "8.3"]
[White "Meyer, Emil"]
[Black "Gerdau, Andreas"]
[Result "1-0"]
[WhiteElo "2013"]
[BlackElo "1896"]
[PlyCount "35"]
[EventDate "2024.03.03"]
[SourceDate "2024.03.03"]
[WhiteTeam "Klub Kölner SF 3"]
[BlackTeam "SG Kalker/Deutzer 1"]

1. e4 e5 2. Nf3 Nc6 3. d4 exd4 4. Nxd4 Qf6 5. Nf3 h6 6. Nc3 Bb4 7. Bd2 d6 8.
Nd5 Bxd2+ 9. Qxd2 Qd8 10. O-O-O Be6 11. Bb5 a6 12. Qc3 Bxd5 13. exd5 axb5 14.
dxc6 bxc6 15. Qxg7 Qf6 16. Rhe1+ Kd7 17. Qg4+ Kd8 18. Ne5 1-0

[Event "SVM_Regionalliga_2023-24"]
[Site "?"]
[Date "2024.03.03"]
[Round "8.4"]
[White "Arlt, Klaus"]
[Black "Theisen, Johannes"]
[Result "1/2-1/2"]
[WhiteElo "1923"]
[BlackElo "1815"]
[PlyCount "51"]
[EventDate "2024.03.03"]
[SourceDate "2024.03.03"]
[WhiteTeam "SG Kalker/Deutzer 1"]
[BlackTeam "Klub Kölner SF 3"]

1. c4 e6 2. Nc3 d5 3. cxd5 exd5 4. d4 c6 5. Qc2 Bd6 6. Nf3 h6 7. Bd2 Ne7 8.
O-O-O Bf5 9. e4 dxe4 10. Nxe4 Qc7 11. Bd3 Bxe4 12. Bxe4 Nd7 13. Rde1 O-O-O 14.
Kb1 Kb8 15. g3 Rhe8 16. Qb3 f5 17. Bd3 Rf8 18. Re6 Nd5 19. Bc4 N7f6 20. Rhe1
Ne4 21. Bxd5 cxd5 22. Bb4 Bxb4 23. Qxb4 Rfe8 24. Rxe8 Rxe8 25. Rc1 Qe7 26. Qxe7
{(=)} 1/2-1/2

[Event "SVM_Regionalliga_2023-24"]
[Site "?"]
[Date "2024.03.03"]
[Round "8.5"]
[White "Graf, Peter"]
[Black "Tbaila, Ralph"]
[Result "1-0"]
[WhiteElo "1909"]
[BlackElo "1855"]
[PlyCount "91"]
[EventDate "2024.03.03"]
[SourceDate "2024.03.03"]
[WhiteTeam "Klub Kölner SF 3"]
[BlackTeam "SG Kalker/Deutzer 1"]

1. e4 e5 2. Nf3 Nc6 3. Bc4 Bc5 4. c3 d6 5. d3 Nf6 6. Bg5 O-O 7. b4 Bb6 8. Nbd2
Qe7 9. Nf1 a5 10. b5 Nd8 11. Ng3 h6 12. Be3 Bxe3 13. fxe3 Be6 14. Bb3 Ng4 15.
Qe2 Bxb3 16. axb3 Ne6 17. O-O Nc5 18. Nf5 Qd7 19. Nd2 h5 20. h3 Nf6 21. Nh6+
Kh7 22. Rxf6 g6 23. Nxf7 Rxf7 24. Rxf7+ Qxf7 25. Rf1 Qe7 26. d4 Ne6 27. Nf3 Rf8
28. Qc4 Kg7 29. Qd5 Ng5 30. Qxb7 Nxf3+ 31. gxf3 Qh4 32. Kg2 Qg5+ 33. Kf2 exd4
34. cxd4 Qh4+ 35. Ke2 Rf7 36. Qc8 Qg3 37. Qe6 Qg2+ 38. Rf2 Qh1 39. e5 dxe5 40.
Qxe5+ Kh7 41. Qe6 Kg7 42. f4 Qb1 43. Rg2 Rf6 44. Qc4 Rf7 45. Qd3 Qb2+ 46. Kf3
1-0

[Event "SVM_Regionalliga_2023-24"]
[Site "?"]
[Date "2024.03.03"]
[Round "8.6"]
[White "Goßmann, Jochen"]
[Black "Richter, Götz"]
[Result "0-1"]
[WhiteElo "1808"]
[BlackElo "1896"]
[PlyCount "86"]
[EventDate "2024.03.03"]
[SourceDate "2024.03.03"]
[WhiteTeam "SG Kalker/Deutzer 1"]
[BlackTeam "Klub Kölner SF 3"]

1. b3 e5 2. Bb2 Nc6 3. d3 d5 4. Nf3 Bd6 5. e3 Nf6 6. Nbd2 O-O 7. Be2 Qe7 8. O-O
a5 9. c4 Ba3 10. Qc1 Bxb2 11. Qxb2 d4 12. exd4 exd4 13. Rfe1 Qc5 14. a3 Bf5 15.
Rab1 Rfd8 16. b4 axb4 17. axb4 Qd6 18. b5 Na5 19. Nb3 Nxb3 20. Qxb3 Nd7 21. Ra1
Nc5 22. Qc2 h6 23. Red1 g5 24. Nd2 Re8 25. Bf1 Ne6 26. Ne4 Bxe4 27. dxe4 Nc5
28. Bd3 Qf4 29. e5 Rxa1 30. Bh7+ Kg7 31. Rxa1 Qxe5 32. Rf1 Qe2 33. Qxe2 Rxe2
34. Bb1 Kf6 35. Rd1 Ke5 36. Kf1 Rb2 37. g3 Ne6 38. Bd3 Nc5 39. Bb1 Rb4 40. f4+
gxf4 41. gxf4+ Kxf4 42. Rxd4+ Ke3 43. Rh4 Rxb1+ 0-1

[Event "SVM_Regionalliga_2023-24"]
[Site "?"]
[Date "2024.03.03"]
[Round "8.7"]
[White "Georgi, Thomas"]
[Black "Bill, Oliver"]
[Result "1-0"]
[WhiteElo "1857"]
[BlackElo "1662"]
[PlyCount "49"]
[EventDate "2024.03.03"]
[SourceDate "2024.03.03"]
[WhiteTeam "Klub Kölner SF 3"]
[BlackTeam "SG Kalker/Deutzer 1"]

1. e4 e5 2. Nf3 Nc6 3. c3 Nf6 4. d4 d6 5. d5 Ne7 6. Bd3 Ng6 7. O-O Be7 8. c4
O-O 9. h3 Nf4 10. Bxf4 exf4 11. Nc3 Nh5 12. Nd4 g6 13. Be2 Ng7 14. Bg4 f5 15.
exf5 Nxf5 16. Ne6 Bxe6 17. dxe6 c6 18. Ne2 Bg5 19. Nd4 Nxd4 20. Qxd4 Qe7 21.
Rad1 h5 22. Bf3 Qxe6 23. Qxd6 Qxd6 24. Rxd6 Rad8 25. Rxg6+ 1-0

[Event "SVM_Regionalliga_2023-24"]
[Site "?"]
[Date "2024.03.03"]
[Round "8.8"]
[White "Prescha, Frank"]
[Black "Ye, Philipp"]
[Result "1-0"]
[WhiteElo "2167"]
[BlackElo "1793"]
[PlyCount "83"]
[EventDate "2024.03.03"]
[SourceDate "2024.03.03"]
[WhiteTeam "SG Kalker/Deutzer 1"]
[BlackTeam "Klub Kölner SF 3"]

1. e4 c6 2. d3 d5 3. Nd2 e5 4. Ngf3 Bd6 5. g3 Nf6 6. Bg2 O-O 7. O-O Bg4 8. h3
Bh5 9. Re1 Re8 10. b3 Nbd7 11. Bb2 a5 12. a3 Qc7 13. g4 Bg6 14. Nh4 b5 15. Nxg6
hxg6 16. g5 Nh5 17. exd5 cxd5 18. Bxd5 Rac8 19. Rc1 Nf4 20. Bg2 Nc5 21. Ne4
Nxe4 22. Rxe4 Qe7 23. Qg4 f6 24. gxf6 Qxf6 25. d4 exd4 26. Bxd4 Qf5 27. Rxe8+
Rxe8 28. Qxf5 gxf5 29. Bf1 Ne2+ 30. Bxe2 Rxe2 31. Kf1 Re4 32. Bb2 a4 33. Rd1
Be5 34. f3 Re3 35. Kf2 f4 36. Bxe5 Rxe5 37. bxa4 bxa4 38. Rd4 Rc5 39. Rxf4
Rxc2+ 40. Kg3 Ra2 41. Rxa4 Kf7 42. h4 1-0

[Event "SVM_Regionalliga_2023-24"]
[Site "?"]
[Date "2024.03.03"]
[Round "8.1"]
[White "Richter, Dirk"]
[Black "Gulbas, Cemil"]
[Result "0-1"]
[WhiteElo "2052"]
[BlackElo "2361"]
[PlyCount "104"]
[EventDate "2024.03.03"]
[WhiteTeam "SG Siebengebirge 1"]
[BlackTeam "DJK Aufwärts Aachen 1"]

1. c4 e5 2. Nc3 Nf6 3. g3 d5 4. cxd5 Nxd5 5. Bg2 Nb6 6. Nf3 Nc6 7. d3 Be7 8. a3
O-O 9. O-O Re8 10. b4 Bf8 11. Bb2 a5 12. b5 Nd4 13. Nd2 a4 14. Nc4 Nd7 15. Rb1
Nc5 16. e3 Ndb3 17. Nxe5 Rxe5 18. d4 Re8 19. dxc5 Nd2 20. c6 b6 21. Qc2 Nxb1
22. Rxb1 Be6 23. Nxa4 Qg5 24. Bd4 Ra5 25. Nc3 Rxa3 26. Qe4 Rea8 27. h4 Qd8 28.
Ne2 Qc8 29. Rc1 Rb3 30. Nc3 Bd6 31. h5 h6 32. Qc2 Raa3 33. Qe2 Ra5 34. Bf3 Rb4
35. Qd3 Bc4 36. Qd2 Qf8 37. Be2 Qe7 38. Bxc4 Rxc4 39. Qd3 Qe6 40. Rd1 Ra3 41.
Kg2 Bb4 42. Rc1 f5 43. Kg1 Bxc3 44. Bxc3 Qe4 45. Qd2 Kh7 46. Qb2 Qe7 47. Bd4
Rxc1+ 48. Qxc1 Rb3 49. Qc4 Rb1+ 50. Kg2 Qe4+ 51. f3 Rb2+ 52. Kh3 Qxf3 0-1

[Event "SVM_Regionalliga_2023-24"]
[Site "?"]
[Date "2024.03.03"]
[Round "8.2"]
[White "Alienkin, Aleksander"]
[Black "Borriss, Benjamin"]
[Result "1-0"]
[WhiteElo "2288"]
[BlackElo "1881"]
[PlyCount "85"]
[EventDate "2024.03.03"]
[WhiteTeam "DJK Aufwärts Aachen 1"]
[BlackTeam "SG Siebengebirge 1"]

1. d4 d5 2. Nf3 Nf6 3. c4 e6 4. g3 Be7 5. Bg2 O-O 6. O-O dxc4 7. Qc2 a6 8. a4
Bd7 9. Qxc4 Bc6 10. Bg5 Nbd7 11. Nc3 h6 12. Bxf6 Nxf6 13. Ne5 Bxg2 14. Kxg2 Rc8
15. b4 c6 16. a5 Nd5 17. Na2 Qd6 18. Nd3 Rfd8 19. Rfd1 Qb8 20. Rac1 h5 21. Nc3
Nxc3 22. Qxc3 h4 23. Nc5 Bf6 24. Rd3 b6 25. Na4 bxa5 26. bxa5 Qd6 27. Nb6 Rc7
28. Qc4 hxg3 29. hxg3 e5 30. dxe5 Qxe5 31. Rxd8+ Bxd8 32. Rd1 Bg5 33. f4 Qxa5
34. fxg5 Qxg5 35. Qxa6 Qe7 36. Qd3 g6 37. Qd8+ Kg7 38. Qxe7 Rxe7 39. Kf3 Rb7
40. Nd7 Rc7 41. Ne5 Rc8 42. Rd7 Kf6 43. Ke4 1-0

[Event "SVM_Regionalliga_2023-24"]
[Site "?"]
[Date "2024.03.03"]
[Round "8.3"]
[White "Schild, Willi"]
[Black "Cnossen, Wiebe"]
[Result "0-1"]
[WhiteElo "1857"]
[BlackElo "2134"]
[PlyCount "124"]
[EventDate "2024.03.03"]
[WhiteTeam "SG Siebengebirge 1"]
[BlackTeam "DJK Aufwärts Aachen 1"]

1. c4 Nf6 2. Nc3 e5 3. e3 d6 4. d4 Nbd7 5. Nf3 c6 6. Be2 Be7 7. b4 exd4 8. exd4
d5 9. Qb3 dxc4 10. Bxc4 O-O 11. Ng5 Nd5 12. Bxd5 Bxg5 13. Bf3 Re8+ 14. Ne2 Nb6
15. O-O Bf6 16. Be3 Be6 17. Qc2 Bd5 18. Bg4 Nc4 19. Bf4 Qb6 20. Qc3 Rxe2 21.
Bxe2 Bxd4 22. Qg3 Bxa1 23. Rxa1 Qxb4 24. Bxc4 Bxc4 25. Bd6 Qd2 26. Be5 Qh6 27.
Rd1 Bxa2 28. Qa3 Bd5 29. Qe7 f6 30. Qxb7 Re8 31. Bg3 Qd2 32. Qb1 Qc3 33. f3 a5
34. Rd3 Qb4 35. Qa1 Re2 36. Rd4 Qb6 37. Bf2 Kf7 38. Qf1 Qb2 39. Rd1 a4 40. Bd4
Qc2 41. Ra1 Bc4 42. Kh1 a3 43. Qg1 a2 44. Rc1 Qd3 45. Ba1 Rd2 46. h3 Bd5 47.
Qf1 Qb5 48. Qe1 Re2 49. Qg1 Qb8 50. Re1 Rxe1 51. Qxe1 Qb1 52. Qg1 Ke6 53. Kh2
Qxg1+ 54. Kxg1 Kd6 55. Bd4 c5 56. Ba1 c4 57. Kf2 Kc5 58. Bc3 Kb5 59. Ke3 Ka4
60. Kd4 Kb3 61. Ba1 h5 62. f4 h4 0-1

[Event "SVM_Regionalliga_2023-24"]
[Site "?"]
[Date "2024.03.03"]
[Round "8.4"]
[White "Höfken, Tom"]
[Black "Fast, Hartmut"]
[Result "1-0"]
[WhiteElo "2033"]
[BlackElo "1863"]
[PlyCount "39"]
[EventDate "2024.03.03"]
[WhiteTeam "DJK Aufwärts Aachen 1"]
[BlackTeam "SG Siebengebirge 1"]

1. e4 e6 2. d4 d5 3. Nd2 a6 4. Bd3 c5 5. c3 Nc6 6. Ngf3 Nf6 7. O-O cxd4 8. cxd4
Be7 9. Re1 O-O 10. e5 Nd7 11. Nf1 Qb6 12. Bg5 f6 13. exf6 Nxf6 14. Ng3 Kh8 15.
Rc1 Nxd4 16. Ne5 Nc6 17. Bxf6 Nxe5 18. Bxe5 Qxf2+ 19. Kh1 Bd7 20. Qh5 1-0

[Event "SVM_Regionalliga_2023-24"]
[Site "?"]
[Date "2024.03.03"]
[Round "8.5"]
[White "Borriss, Claudia"]
[Black "Dönitz, Christian"]
[Result "1/2-1/2"]
[WhiteElo "1950"]
[BlackElo "1943"]
[PlyCount "36"]
[EventDate "2024.03.03"]
[WhiteTeam "SG Siebengebirge 1"]
[BlackTeam "DJK Aufwärts Aachen 1"]

1. d4 Nf6 2. Nf3 c5 3. g3 cxd4 4. Nxd4 d5 5. Bg2 e5 6. Nb3 Be7 7. O-O O-O 8. c4
dxc4 9. Qxd8 Rxd8 10. N3d2 Nc6 11. Nxc4 Nd4 12. Nc3 Bb4 13. e3 Bxc3 14. bxc3
Ne2+ 15. Kh1 Nxc1 16. Raxc1 e4 17. Rfd1 Be6 18. Nd6 Bd5 1/2-1/2

[Event "SVM_Regionalliga_2023-24"]
[Site "?"]
[Date "2024.03.03"]
[Round "8.6"]
[White "Deider, Kevin"]
[Black "Geuer, Martin"]
[Result "1-0"]
[WhiteElo "1873"]
[BlackElo "1784"]
[PlyCount "49"]
[EventDate "2024.03.03"]
[WhiteTeam "DJK Aufwärts Aachen 1"]
[BlackTeam "SG Siebengebirge 1"]

1. e4 e6 2. d4 d5 3. Bd3 dxe4 4. Bxe4 c5 5. Ne2 Nc6 6. Be3 Nf6 7. Bxc6+ bxc6 8.
dxc5 Qa5+ 9. c3 Ba6 10. b4 Qc7 11. O-O Rd8 12. Nd2 Ne4 13. Re1 Bxe2 14. Qxe2
Nxc3 15. Qg4 h5 16. Qc4 Nd5 17. Nf3 Be7 18. Bd4 Bf6 19. Be5 Bxe5 20. Rxe5 Rb8
21. a3 a5 22. bxa5 Qxa5 23. Nd4 Qxa3 24. Rxa3 Rb1+ 25. Qf1 1-0

[Event "SVM_Regionalliga_2023-24"]
[Site "?"]
[Date "2024.03.03"]
[Round "8.7"]
[White "Delekat, Julian"]
[Black "Hennicken, Reinhard"]
[Result "0-1"]
[WhiteElo "1630"]
[BlackElo "1952"]
[PlyCount "140"]
[EventDate "2024.03.03"]
[WhiteTeam "SG Siebengebirge 1"]
[BlackTeam "DJK Aufwärts Aachen 1"]

1. d4 Nf6 2. Nf3 e6 3. g3 b6 4. Bg2 Bb7 5. Bg5 Be7 6. Nbd2 d5 7. Bxf6 Bxf6 8.
O-O Nd7 9. c3 O-O 10. Re1 c5 11. e4 Qc7 12. e5 Be7 13. Rc1 Rac8 14. Nb3 a5 15.
a4 Bc6 16. Nbd2 cxd4 17. cxd4 Qb8 18. Bf1 Rc7 19. Bb5 Bxb5 20. axb5 Rxc1 21.
Qxc1 Rc8 22. Qb1 Rc7 23. Rc1 Qc8 24. Rxc7 Qxc7 25. Kg2 Nf8 26. Qd3 Bb4 27. b3
Qc3 28. Qxc3 Bxc3 29. Nb1 Bb4 30. Kf1 Ng6 31. Ke2 Ne7 32. Kd3 Nc8 33. Nc3 Bxc3
34. Kxc3 Na7 35. Nd2 Nxb5+ 36. Kd3 f6 37. f4 Kf7 38. Nb1 fxe5 39. fxe5 Kg6 40.
h3 Kf5 41. Ke3 h5 42. Nd2 g5 43. Nf1 Nc7 44. Kd3 h4 45. Ne3+ Kg6 46. g4 Nb5 47.
Nc2 Kf7 48. Ne1 Na7 49. Nf3 Kg6 50. Nd2 b5 51. Nf3 b4 52. Ng1 Nb5 53. Ne2 Kf7
54. Kd2 Na7 55. Kd3 Nc8 56. Ng1 Ne7 57. Nf3 Kg7 58. Ke3 Kh6 59. Ne1 Ng6 60. Nd3
Nf4 61. Nf2 Kg6 62. Nd3 Nxd3 63. Kxd3 Kf7 64. Kc2 Ke7 65. Kb2 Kd7 66. Kc1 Kc6
67. Kb1 Kb5 68. Kc2 a4 69. Kb2 axb3 70. Kxb3 Ka5 0-1

[Event "SVM_Regionalliga_2023-24"]
[Site "?"]
[Date "2024.03.03"]
[Round "8.8"]
[White "Mossakowski, Gustaf"]
[Black "Klein, Dominik"]
[Result "1-0"]
[WhiteElo "1781"]
[BlackElo "1314"]
[PlyCount "45"]
[EventDate "2024.03.03"]
[WhiteTeam "DJK Aufwärts Aachen 1"]
[BlackTeam "SG Siebengebirge 1"]

{[%evp 0,15,22,10,46,44,44,15,21,21,21,21,21,29,71,56,107,11]} 1. e4 c5 2. Nf3
e6 3. c3 Nf6 4. e5 Nd5 5. d4 cxd4 6. cxd4 b6 7. Nc3 Ba6 8. Bxa6 Nxa6 9. Nxd5
exd5 10. O-O Be7 11. h3 O-O 12. g3 d6 13. h4 Nc7 14. Kg2 dxe5 15. dxe5 Ne6 16.
Nd4 Bc5 17. Nf5 d4 18. Qg4 Qd5+ 19. f3 Qxe5 20. b4 d3 21. Bh6 Qb2+ 22. Kh3 Bd4
23. Rab1 1-0

[Event "SVM_Regionalliga_2023-24"]
[Site "?"]
[Date "2024.03.03"]
[Round "8.1"]
[White "Reinöhl, Christian"]
[Black "Radler, Alexander"]
[Result "1/2-1/2"]
[WhiteElo "2130"]
[BlackElo "1677"]
[PlyCount "54"]
[EventDate "2024.03.03"]
[SourceDate "2024.03.03"]
[WhiteTeam "SK Troisdorf 1"]
[BlackTeam "Eschweiler SC 1"]

1. e4 c5 2. Nf3 Nc6 3. d4 cxd4 4. Nxd4 Nf6 5. Nc3 e5 6. Ndb5 d6 7. Bg5 a6 8.
Bxf6 gxf6 9. Na3 b5 10. Nd5 f5 11. c3 Be6 12. exf5 Bxf5 13. Qf3 Be6 14. Nxb5
Rc8 15. Na3 Qa5 16. Nf6+ Ke7 17. Nc4 Nd4 18. Qb7+ Qc7 19. Qxc7+ Rxc7 20. cxd4
Kxf6 21. Nd2 a5 22. dxe5+ dxe5 23. Bd3 Bh6 24. Ne4+ Ke7 25. Ke2 f5 26. Nc3 e4
27. Bb5 Bg7 {(=)} 1/2-1/2

[Event "SVM_Regionalliga_2023-24"]
[Site "?"]
[Date "2024.03.03"]
[Round "8.2"]
[White "Schüller, Tobias"]
[Black "Schwarz, Andreas"]
[Result "1/2-1/2"]
[WhiteElo "1988"]
[BlackElo "2134"]
[PlyCount "27"]
[EventDate "2024.03.03"]
[SourceDate "2024.03.03"]
[WhiteTeam "Eschweiler SC 1"]
[BlackTeam "SK Troisdorf 1"]

1. e4 c6 2. d4 d5 3. Nc3 dxe4 4. Nxe4 Bf5 5. Ng3 Bg6 6. h4 h6 7. Nf3 Nd7 8. h5
Bh7 9. Bd3 Bxd3 10. Qxd3 e6 11. Bf4 Qa5+ 12. Bd2 Bb4 13. a3 Bxd2+ 14. Qxd2 {(=)
} 1/2-1/2

[Event "SVM_Regionalliga_2023-24"]
[Site "?"]
[Date "2024.03.03"]
[Round "8.3"]
[White "Fuß, Jean-Pierre"]
[Black "Henrotte, Nils"]
[Result "1-0"]
[WhiteElo "2014"]
[BlackElo "1971"]
[PlyCount "97"]
[EventDate "2024.03.03"]
[SourceDate "2024.03.03"]
[WhiteTeam "SK Troisdorf 1"]
[BlackTeam "Eschweiler SC 1"]

1. d4 Nf6 2. c4 e6 3. Nf3 Ne4 4. a3 d5 5. Qc2 c6 6. Nc3 f5 7. Bf4 Nd7 8. b4 Be7
9. Ne5 Bf6 10. f3 Nxc3 11. Qxc3 Nxe5 12. dxe5 g5 13. Be3 Bg7 {(=)} 14. Bd4 b6
15. e3 O-O 16. cxd5 cxd5 17. Bd3 Bd7 18. O-O Qe8 19. Rfc1 Bb5 20. Bxb5 Qxb5 21.
Qc6 Qxc6 22. Rxc6 Rfe8 23. Rac1 Bf8 24. R1c3 Kf7 25. Kf2 Re7 26. Ke2 Rd7 27.
Kd3 Rb8 28. Kc2 Be7 29. Kb3 Rbb7 30. Ka4 Bd8 31. Kb5 a5 32. Bxb6 axb4 33. axb4
d4 34. Rd3 dxe3 35. Rxe3 Rd4 36. Rb3 Rd5+ 37. Ka6 Rxb6+ 38. Rxb6 Bxb6 39. Kxb6
Rxe5 40. b5 Re2 41. Kc5 Rxg2 42. b6 Rc2+ 43. Kb5 Rc8 44. b7 Rb8 45. Kc6 h5 46.
Kc7 Rxb7+ 47. Rxb7 g4 48. Kd6+ Kf6 49. f4 1-0

[Event "SVM_Regionalliga_2023-24"]
[Site "?"]
[Date "2024.03.03"]
[Round "8.4"]
[White "Spies, Ulrich"]
[Black "Keßler, Ulrich"]
[Result "1-0"]
[WhiteElo "1866"]
[BlackElo "1943"]
[PlyCount "83"]
[EventDate "2024.03.03"]
[SourceDate "2024.03.03"]
[WhiteTeam "Eschweiler SC 1"]
[BlackTeam "SK Troisdorf 1"]

1. e4 c5 2. c4 Nc6 3. Nc3 g6 4. g3 Bg7 5. Bg2 d6 6. Nge2 e6 7. d3 Nge7 8. Be3
Nd4 9. Qd2 a6 10. O-O O-O 11. Bh6 Rb8 12. Bxg7 Kxg7 13. Nxd4 cxd4 14. Ne2 e5
15. f4 f6 16. Rac1 Bg4 17. Bf3 Bxf3 18. Rxf3 f5 19. c5 fxe4 20. dxe4 d5 21.
exd5 Qxd5 22. Rd3 Nc6 23. b4 {(=)} e4 24. Rxd4 Nxd4 25. Qxd4+ Qxd4+ 26. Nxd4
Rfe8 27. Kf2 e3+ 28. Ke2 Rbd8 29. Nf3 Re4 30. a3 h6 31. h4 a5 32. b5 Re7 33.
Ne5 Rd2+ 34. Kxe3 Rb2 35. c6 bxc6 36. bxc6 Rc7 37. Rc3 Kf6 38. Kd4 g5 39. hxg5+
hxg5 40. fxg5+ Ke6 41. Nc4 Rb5 42. Re3+ 1-0

[Event "SVM_Regionalliga_2023-24"]
[Site "?"]
[Date "2024.03.03"]
[Round "8.5"]
[White "Both, David"]
[Black "Singh, Marcel"]
[Result "1/2-1/2"]
[WhiteElo "1940"]
[BlackElo "1844"]
[PlyCount "40"]
[EventDate "2024.03.03"]
[SourceDate "2024.03.03"]
[WhiteTeam "SK Troisdorf 1"]
[BlackTeam "Eschweiler SC 1"]

1. c4 Nf6 2. g3 e6 3. Nf3 d5 4. d4 Be7 5. Bg2 O-O 6. Qc2 Nbd7 7. Nbd2 b6 8. e4
dxe4 9. Nxe4 Bb7 10. Nxf6+ Nxf6 11. O-O c5 12. Rd1 Qc8 13. b3 Be4 14. Qe2 Qb7
15. Bb2 Rfd8 16. Ne1 Bxg2 17. Nxg2 cxd4 18. Bxd4 Qe4 19. Qxe4 Nxe4 20. Ne3 Bc5
{(=)} 1/2-1/2

[Event "SVM_Regionalliga_2023-24"]
[Site "?"]
[Date "2024.03.03"]
[Round "8.6"]
[White "Wilhelm, Oliver"]
[Black "Bruchmann, Siegfried"]
[Result "1-0"]
[WhiteElo "1876"]
[BlackElo "1811"]
[PlyCount "79"]
[EventDate "2024.03.03"]
[SourceDate "2024.03.03"]
[WhiteTeam "Eschweiler SC 1"]
[BlackTeam "SK Troisdorf 1"]

1. e4 e5 2. Nf3 Nc6 3. Bc4 Nf6 4. d3 Bc5 5. O-O O-O 6. c3 a5 7. d4 exd4 8. cxd4
Bb6 9. d5 Na7 10. e5 Ne4 11. Qc2 f5 12. Bd3 d6 13. e6 Nxf2 14. Rxf2 c6 15. Bxf5
cxd5 16. Bxh7+ Kh8 17. Bg5 Bxf2+ 18. Qxf2 Qxg5 19. Nxg5 Rxf2 20. Kxf2 Bxe6 21.
Nxe6 Kxh7 22. Nc3 Re8 23. Nd4 Nc6 24. Nxc6 bxc6 25. Re1 Re5 26. Rxe5 dxe5 27.
Na4 Kg6 28. Nc5 Kf5 29. a4 e4 30. Nb3 Ke5 31. Ke3 Kd6 32. Kd4 Kc7 33. Nxa5 c5+
34. Ke3 Kb6 35. Nb3 c4 36. Nd4 Ka5 37. h4 Kxa4 38. h5 Kb4 39. g4 Kc5 40. g5 1-0

[Event "SVM_Regionalliga_2023-24"]
[Site "?"]
[Date "2024.03.03"]
[Round "8.7"]
[White "Möws, Thomas"]
[Black "Huppertz, Andrea"]
[Result "1/2-1/2"]
[WhiteElo "1759"]
[BlackElo "1728"]
[PlyCount "85"]
[EventDate "2024.03.03"]
[SourceDate "2024.03.03"]
[WhiteTeam "SK Troisdorf 1"]
[BlackTeam "Eschweiler SC 1"]

1. d4 d5 2. Nf3 Nf6 3. e3 Bf5 4. Bd3 Bxd3 5. Qxd3 c6 6. O-O Nbd7 7. b3 e6 8.
Bb2 Bd6 9. Nbd2 O-O 10. Rae1 Qa5 11. a4 b5 12. axb5 Qxb5 13. Qxb5 cxb5 14. c4
bxc4 15. bxc4 Rfb8 16. Bc3 dxc4 17. Nxc4 Bb4 18. Bxb4 Rxb4 19. Nce5 a5 20. Ra1
a4 21. Nc6 Rb2 22. Ra3 Nb6 23. Nfe5 Ne4 24. f3 Nd2 25. Rc1 f6 26. Nd3 Rb1 27.
Rxb1 Nxb1 28. Ra1 Nc3 29. Ncb4 a3 30. Kf1 Nc4 31. Kf2 Ra4 32. Na2 Nxa2 33. Rxa2
Kf7 34. Ke2 Ra5 35. Nc1 Rb5 36. Kd3 Nb2+ 37. Kc2 Ra5 38. Nd3 Nc4 39. e4 Ra8 {
(=)} 40. Kb3 Rc8 41. Nc5 Ne3 42. Kxa3 e5 43. Re2 1/2-1/2

[Event "SVM_Regionalliga_2023-24"]
[Site "?"]
[Date "2024.03.03"]
[Round "8.8"]
[White "Bieberle, Gerhart"]
[Black "Sejdini, Valentin"]
[Result "1-0"]
[WhiteElo "1780"]
[BlackElo "1750"]
[PlyCount "91"]
[EventDate "2024.03.03"]
[SourceDate "2024.03.03"]
[WhiteTeam "Eschweiler SC 1"]
[BlackTeam "SK Troisdorf 1"]

1. d4 g6 2. Nf3 Bg7 3. e3 d5 4. Be2 Nf6 5. O-O O-O 6. b3 Nc6 7. Bb2 Re8 8. c4
e6 9. Nbd2 a6 10. a3 Bd7 11. Rc1 Rb8 12. Qc2 Kh8 13. Ne5 Nxe5 14. dxe5 Ng8 15.
cxd5 exd5 16. Qxc7 Bc6 17. Qxf7 Nh6 18. Qf4 Rf8 19. Qb4 Qe8 20. f4 Nf5 21. Bd4
Qe6 22. Nf3 h6 23. Qe1 Kg8 24. Bd3 Rfd8 25. h3 Be8 26. Kh2 Rdc8 27. Qd2 Rc6 28.
Bb2 Rb6 29. b4 Rd8 30. Nd4 Nxd4 31. Bxd4 Rc6 32. Rxc6 Bxc6 33. Rc1 Kh8 34. Qc2
Be8 35. Rf1 Rc8 36. Qb2 Bd7 37. Rc1 Rxc1 38. Qxc1 Bc6 39. Qc2 Be8 40. Qc5 Bc6
41. Qb6 Kg8 42. Qd8+ Kf7 43. Bc2 g5 44. Qc7+ Kg8 45. f5 Qe8 46. f6 1-0

[Event "SVM_Regionalliga_2023-24"]
[Site "?"]
[Date "2024.03.03"]
[Round "8.1"]
[White "Meirick, Ingo"]
[Black "Mainka, Alwin"]
[Result "1-0"]
[WhiteElo "2181"]
[BlackElo "2163"]
[PlyCount "85"]
[EventDate "2024.03.03"]
[WhiteTeam "SV Herzogenrath 1"]
[BlackTeam "Arminia Eilendorf 1"]

1. d4 Nf6 2. c4 g6 3. g3 Bg7 4. Bg2 d5 5. cxd5 Nxd5 6. e4 Nb6 7. Ne2 O-O 8. O-O
Na6 9. a4 c5 10. d5 e6 11. Nec3 exd5 12. exd5 Bf5 13. g4 Bd7 14. Nd2 f5 15. a5
Nc8 16. Nc4 fxg4 17. d6 Nb4 18. a6 Nb6 19. axb7 Rb8 20. Nxb6 Qxb6 21. Nd5 Nxd5
22. Qxd5+ Kh8 23. Be3 Rf5 24. Qa2 Bc6 25. Qxa7 Qxa7 26. Rxa7 Bxg2 27. Kxg2 Rf7
28. Bxc5 Rfxb7 29. Rxb7 Rxb7 30. b4 Kg8 31. Rd1 Bf6 32. f3 gxf3+ 33. Kxf3 Kf7
34. Re1 Bd8 35. Ke4 Bh4 36. Re2 Ke6 37. Kd4+ Kd7 38. Kd5 Rb8 39. Ra2 Rb7 40.
Ra3 Bd8 41. Rf3 Ke8 42. Kc6 Rg7 43. d7+ 1-0

[Event "SVM_Regionalliga_2023-24"]
[Site "?"]
[Date "2024.03.03"]
[Round "8.2"]
[White "Souren, Jürgen"]
[Black "Schreyer, Oliver"]
[Result "1/2-1/2"]
[WhiteElo "2138"]
[BlackElo "2039"]
[PlyCount "77"]
[EventDate "2024.03.03"]
[WhiteTeam "Arminia Eilendorf 1"]
[BlackTeam "SV Herzogenrath 1"]

1. c4 e5 2. Nc3 Nc6 3. Nf3 Bc5 4. d3 a6 5. a3 d6 6. b4 Ba7 7. Bb2 Nf6 8. e3 O-O
9. Be2 Re8 10. Qb3 h6 11. Rc1 Be6 12. Nd5 Nd7 13. O-O Ne7 14. Nxe7+ Qxe7 15.
Qc3 c6 16. d4 f6 17. c5 e4 18. cxd6 Qxd6 19. Nd2 Bb8 20. g3 Bh3 21. Rfe1 Kh8
22. a4 Nb6 23. Nc4 Nxc4 24. Bxc4 Qd7 25. Qb3 Bd6 26. b5 cxb5 27. axb5 axb5 28.
Bxb5 Qf5 29. Be2 Qd7 30. Bb5 Qf5 31. Be2 Qd7 32. Ra1 Qe7 33. Ra4 Be6 34. Bc4
Rxa4 35. Qxa4 Rc8 36. Rc1 Bg4 37. Qb5 Qd7 38. Qd5 Bf3 39. Qb5 1/2-1/2

[Event "SVM_Regionalliga_2023-24"]
[Site "?"]
[Date "2024.03.03"]
[Round "8.3"]
[White "Andok, Claus"]
[Black "Sassenscheidt, Frank"]
[Result "1/2-1/2"]
[WhiteElo "2026"]
[BlackElo "1976"]
[PlyCount "29"]
[EventDate "2024.03.03"]
[WhiteTeam "SV Herzogenrath 1"]
[BlackTeam "Arminia Eilendorf 1"]

1. e4 e6 2. d3 d5 3. Nd2 c5 4. Ngf3 Nc6 5. g3 Bd6 6. Bg2 Nge7 7. O-O O-O 8. c3
d4 9. Nc4 e5 10. cxd4 cxd4 11. Nfd2 Bc7 12. f4 exf4 13. gxf4 b5 14. Na3 Rb8 15.
Qh5 1/2-1/2